000 00386nam a2200145 i 4500
001 97788
003 ES-MaACL
005 20230906182148.0
007 t|
008 050718s1935 it ||||1| ita d
245 0 3 _aAi marinai d'Italia.
260 _aRoma :
_b[s.n.],
_c1935 (
_fTip. Editrice de Roma)
300 _a159 p., 2 map. pleg. ;
_c21 cm.
852 _aES-MaACL
_jC-28632
_bR.57245
999 _c97788
_d97788